Implicit values in pentecostal missions (Registro nro. 70250)
[ vista simple ]
| 000 -LÍDER | |
|---|---|
| Campo fijo de descripción fija | 01670nab a2200241 i 4500 |
| 001 - NÚMERO DE CONTROL | |
| Campo de control | 768714001 |
| 003 - IDENTIFICADOR DEL NÚMERO DE CONTROL | |
| Campo de control | CO-MdFUSB |
| 005 - FECHA Y HORA DE LA ULTIMA TRANSACCIÓN | |
| control field | 20240618121523.0 |
| 008 - ELEMENTOS DE LONGITUD FIJA -- INFORMACIÓN GENERAL | |
| Campo fijo de descripción fija -- Información general | 240618t1988 us ||||| |||| 00| 0 eng d |
| 040 ## - FUENTE DE CATALOGACIÓN | |
| Idioma de catalogación | spa |
| Agencia que realiza la transcripción | CO-MdFUSB |
| Agencia que realiza la modificación | CO-MdFUSB |
| 041 ## - CÓDIGO DE IDIOMA | |
| Código de idioma para texto/pista de sonido o título separado | spa |
| 100 ## - ASIENTO PRINCIPAL--NOMBRE PERSONAL | |
| Nombre personal | Spittler, Russell P., |
| Término relacionador | autor |
| 245 ## - TÍTULO | |
| Título | Implicit values in pentecostal missions |
| Mención de responsabilidad | / Russell P. Spittler |
| 520 ## - NOTA DE RESUMEN, ETC. | |
| Nota de sumario, etc. | Es probable que el próximo tercer milenio de la iglesia encuentre a la mayoría de sus seguidores viviendo en los dos tercios del mundo en el hemisferio sur y practicando una espiritualidad pentecostal. Los esfuerzos misioneros pentecostales reflejan una espiritualidad que se caracteriza por (1) un alto valor otorgado a la experiencia religiosa; (2) una preferencia por la comunicación oral; (3) espontaneidad en la conducta personal así como en la adoración corporativa; (4) el sobrenaturalismo como raíz del pesimismo cultural, la separación eclesiástica, la creencia en espíritus y demonios y la urgencia escatológica del regreso de Cristo; y (5) autoridad bíblica, a menudo expresada en una hermenéutica de precedentes bíblicos. En última instancia, la espiritualidad pentecostal es un estilo de vida que ya no se limita a las iglesias pentecostales. |
| 546 ## - NOTA DE IDIOMA | |
| Nota de idioma | Texto en inglés |
| 650 #0 - ASIENTO SECUNDARIO DE MATERIA - TERMINO TEMÁTICO | |
| Término temático o nombre geográfico como elemento de entrada | Pentecostalismo |
| 9 (RLIN) | 142 |
| 650 #0 - ASIENTO SECUNDARIO DE MATERIA - TERMINO TEMÁTICO | |
| Término temático o nombre geográfico como elemento de entrada | Misiones |
| 9 (RLIN) | 154 |
| 650 #7 - ASIENTO SECUNDARIO DE MATERIA - TERMINO TEMÁTICO | |
| Término temático o nombre geográfico como elemento de entrada | Psicoanálisis y religión |
| 9 (RLIN) | 7187 |
| 650 #7 - ASIENTO SECUNDARIO DE MATERIA - TERMINO TEMÁTICO | |
| Término temático o nombre geográfico como elemento de entrada | Antropología cultural y social |
| 9 (RLIN) | 6714 |
| 773 0# - ASIENTO DE ITEM FUENTE | |
| Biblionumber | 49486 |
| Itemnumber | 82777 |
| Lugar, editorial y fecha de publicación | Pasadena |
| Otro identificador del ítem | R2652 |
| Título | Missiology: |
| Número de control del registro | (CO-MdFUSB)97 |
| Parte(s) relacionada(s) / Volumen., número. (mes año), páginas | Volumen 16, (4, 1988) páginas: 409 - 426 |
| Enumeración y primera página | página: 409 |
| 942 ## - TIPO DE MATERIAL (KOHA) | |
| Tipo de Item KOHA | Artículos de Revista |
| 945 ## - INFORMACIÓN LOCAL DEL REGISTRO | |
| Catalogador | Catherine Arias Álvarez - Practicante SENA |
No hay ítems disponibles.
